header

Radical frontiers in the spaghetti western (Record no. 238362)

MARC details
000 -LEADER
fixed length control field 01583nam a2200361 a 4500
100 1# - MAIN ENTRY--AUTHOR NAME
Personal name Fisher, Austin.
245 10 - TITLE STATEMENT
Title Radical frontiers in the spaghetti western
260 ## - PUBLICATION, DISTRIBUTION, ETC. (IMPRINT)
Place of publication London ;
-- New York :
Name of publisher I.B. Tauris :
-- Distributed in U.S. exclusively by Palgrave Macmillan,
Year of publication 2011.
300 ## - PHYSICAL DESCRIPTION
Number of Pages vi, 304 p. :
Other physical details ill.
500 ## - GENERAL NOTE
General note Originally presented as the author's thesis (Ph.D.)--Royal Holloway, University of London, 2009.
505 0# - FORMATTED CONTENTS NOTE
Formatted contents note pt. 1. The backdrop -- pt. 2. The films -- pt. 3. The legacy.
650 #0 - SUBJECT ADDED ENTRY--TOPICAL TERM
Topical Term Spaghetti Westerns
Topical Term Motion pictures
Topical Term Politics in motion pictures.
856 40 - ELECTRONIC LOCATION AND ACCESS
Uniform Resource Identifier http://site.ebrary.com/lib/rucke/Doc?id=10522058

No items available.

© 2026 Rongo University
Contact us: librarian | system librarian | Rongo university